[Event "Oberliga Wuerttemberg 1011"]
[Site "Wuerttemberg"]
[Date "2011.04.17"]
[Round "9"]
[White "Pieper, Thomas"]
[Black "Bogenschuetze, Paul Jr"]
[Result "1-0"]
[WhiteElo "2214"]
[BlackElo "2143"]
[PlyCount "45"]
[EventDate "2010.09.26"]
[EventType "team-tourn"]
[EventRounds "9"]
[EventCountry "GER"]
[SourceTitle "EXT 2019"]
[Source "ChessBase"]
[SourceDate "2018.10.10"]
[SourceVersion "1"]
[SourceVersionDate "2018.10.10"]
[SourceQuality "1"]
[WhiteTeam "Ulm Post"]
[BlackTeam "Deizisau"]
[WhiteTeamCountry "GER"]
[BlackTeamCountry "GER"]

1. e4 c5 2. Nf3 d6 3. d4 cxd4 4. Nxd4 Nf6 5. Nc3 g6 6. Be3 Bg7 7. f3 0-0 8. Qd2 Nc6 9. Bc4 Bd7 10. Bb3 Rc8 11. h4 h5 12. 0-0-0 Ne5 13. Bg5 Rc5 14. Kb1 b5 15. g4 hxg4 16. h5 Nxh5 17. Rxh5 gxh5 18. Nd5 Rxd5 19. Bxd5 Nc4 20. Qh2 Qb6 21. Qxh5 e6 22. Rh1 Rc8 23. Nf5 1-0

[Event "Oberliga Wuerttemberg 1011"]
[Site "Wuerttemberg"]
[Date "2010.11.28"]
[Round "4"]
[White "Lorscheid, Gerhard"]
[Black "Bogenschuetze, Paul Jr"]
[Result "1-0"]
[WhiteElo "2326"]
[BlackElo "2143"]
[PlyCount "57"]
[EventDate "2010.09.26"]
[EventType "team-tourn"]
[EventRounds "9"]
[EventCountry "GER"]
[SourceTitle "EXT 2019"]
[Source "ChessBase"]
[SourceDate "2018.10.10"]
[SourceVersion "1"]
[SourceVersionDate "2018.10.10"]
[SourceQuality "1"]
[WhiteTeam "Stuttgart SF"]
[BlackTeam "Deizisau"]
[WhiteTeamCountry "GER"]
[BlackTeamCountry "GER"]

1. d4 Nf6 2. c4 g6 3. Nc3 Bg7 4. e4 d6 5. Be2 0-0 6. Nf3 e5 7. 0-0 Nc6 8. d5 Ne7 9. Bg5 h6 10. Bxf6 Bxf6 11. b4 Bg7 12. c5 f5 13. Nd2 fxe4 14. Ndxe4 Bf5 15. Bf3 Bxe4 16. Bxe4 Nf5 17. Qd3 a6 18. Rab1 Qg5 19. b5 Nd4 20. b6 Rac8 21. c6 cxb6 22. Rxb6 bxc6 23. dxc6 Kh8 24. Rxa6 Rf7 25. Nb5 d5 26. Nxd4 dxe4 27. Qc4 Qe7 28. Nb5 Rcf8 29. Ra7 1-0

[Event "Oberliga Wuerttemberg 0910"]
[Site "Wuerttemberg"]
[Date "2009.10.25"]
[Round "2.6"]
[White "Bogenschuetze, Paul Jr"]
[Black "Weber, Klaus"]
[Result "1-0"]
[WhiteElo "2129"]
[BlackElo "2063"]
[PlyCount "129"]
[EventDate "2009.10.11"]
[EventType "team-tourn"]
[EventRounds "9"]
[EventCountry "GER"]
[SourceTitle "EXT 2019"]
[Source "ChessBase"]
[SourceDate "2018.10.10"]
[SourceVersion "1"]
[SourceVersionDate "2018.10.10"]
[SourceQuality "1"]
[WhiteTeam "Deizisau"]
[BlackTeam "Tuebingen"]
[WhiteTeamCountry "GER"]
[BlackTeamCountry "GER"]

1. e4 e6 2. d4 d5 3. Nc3 Nf6 4. Bg5 Bb4 5. e5 h6 6. Bd2 Bxc3 7. bxc3 Ne4 8. Qg4 g6 9. Qf4 Nxd2 10. Qxd2 c5 11. h4 Qa5 12. Nf3 c4 13. Be2 Qa3 14. h5 g5 15. Nh2 a5 16. 0-0 b5 17. f4 Qe7 18. fxg5 Qxg5 19. Qxg5 hxg5 20. Ng4 Ke7 21. Nf6 b4 22. Rf3 Nc6 23. Rg3 Rb8 24. Rxg5 bxc3 25. Rd1 Rb2 26. h6 Rxc2 27. Bh5 Rb2 28. Kh2 c2 29. Rc1 Nxd4 30. h7 Bd7 31. Rg7 Rb1 32. Rxf7+ Kd8 33. Rxd7+ Kc8 34. Rxc2 Nxc2 35. Rg7 Rxh7 36. Rxh7 Ne3 37. Bf7 Rb6 38. Bg6 Rb2 39. Bf7 Rb6 40. Bg6 c3 41. g4 c2 42. Bxc2 Rb2 43. g5 Rxc2+ 44. Kg3 d4 45. Kf3 Rg2 46. Ne4 Rg1 47. Re7 Nd5 48. Rxe6 Nc3 49. Nxc3 dxc3 50. Rc6+ Kd7 51. Rxc3 Ke6 52. Kf4 Rf1+ 53. Rf3 Rc1 54. g6 Rc2 55. g7 Kf7 56. Rg3 Kg8 57. a3 a4 58. Kf5 Rb2 59. Kf6 Rf2+ 60. Ke7 Rb2 61. e6 Rb3 62. Rxb3 axb3 63. Kf6 b2 64. e7 b1Q 65. e8Q+ 1-0

[Event "Oberliga Wuerttemberg 0809"]
[Site "Wuerttemberg"]
[Date "2008.12.14"]
[Round "4.8"]
[White "Bogenschuetze, Paul Jr"]
[Black "Schiestl, Uwe"]
[Result "0-1"]
[WhiteElo "2027"]
[BlackElo "2080"]
[PlyCount "88"]
[EventDate "2008.10.12"]
[EventType "team-tourn"]
[EventRounds "9"]
[EventCountry "GER"]
[SourceTitle "EXT 2019"]
[Source "ChessBase"]
[SourceDate "2018.10.10"]
[SourceVersion "1"]
[SourceVersionDate "2018.10.10"]
[SourceQuality "1"]
[WhiteTeam "Deizisau"]
[BlackTeam "Stuttgart SF II"]
[WhiteTeamCountry "GER"]
[BlackTeamCountry "GER"]

1. d4 Nf6 2. c4 d6 3. Nc3 c6 4. e4 Nbd7 5. Nf3 e5 6. d5 Nc5 7. Bd3 Nxd3+ 8. Qxd3 c5 9. a3 Nh5 10. b4 b6 11. 0-0 Be7 12. Qe2 g6 13. Ne1 Bg5 14. Nd3 Bxc1 15. Raxc1 Qg5 16. Nb5 Ke7 17. f4 Nxf4 18. Rxf4 exf4 19. e5 Bg4 20. exd6+ Kf8 21. Qe5 Qxe5 22. Nxe5 Bf5 23. bxc5 bxc5 24. Nc6 Kg7 25. a4 Rae8 26. Ne7 a5 27. Kf2 Kf6 28. Rc3 Bd7 29. Nc6 Rc8 30. Ne7 Ra8 31. Rc2 Bxb5 32. cxb5 Ke5 33. d7 Kd6 34. Nc6 Kxd7 35. Rxc5 Kd6 36. Rc1 Kxd5 37. Kf3 g5 38. Rd1+ Kc5 39. Rd7 f5 40. Rf7 Rhf8 41. Rxh7 Rae8 42. Rd7 Re3+ 43. Kf2 Rfe8 44. Rd2 g4 0-1

[Event "Deizisau op 3rd"]
[Site "Deizisau"]
[Date "2008.10.30"]
[Round "3"]
[White "Bogenschuetze, Paul Jr"]
[Black "Tuncer, Ufuk"]
[Result "1/2-1/2"]
[WhiteElo "2100"]
[BlackElo "2323"]
[PlyCount "78"]
[EventDate "2008.10.29"]
[EventType "swiss"]
[EventRounds "7"]
[EventCountry "GER"]
[SourceTitle "EXT 2009"]
[Source "ChessBase"]
[SourceDate "2008.11.26"]
[SourceVersion "1"]
[SourceVersionDate "2008.11.26"]
[SourceQuality "1"]

1. d4 Nf6 2. c4 g6 3. d5 Bg7 4. Nc3 0-0 5. e4 d6 6. Bd3 e5 7. Nge2 a5 8. 0-0 Nh5 9. Be3 f5 10. exf5 gxf5 11. f4 e4 12. Bc2 c5 13. dxc6 bxc6 14. Rb1 Nf6 15. Qd2 Be6 16. Bb3 Qe7 17. Rfd1 Rd8 18. Na4 Na6 19. Bb6 Rd7 20. Bxa5 Ng4 21. h3 e3 22. Qc1 Nf2 23. Rf1 Nc5 24. Nxc5 dxc5 25. Qxe3 Nxh3+ 26. Qxh3 Rxa5 27. Rbd1 Raa7 28. Qf3 Rxd1 29. Rxd1 Rd7 30. Rxd7 Bxd7 31. Qd3 Be6 32. Bc2 Bxb2 33. Bb3 Bf6 34. Kf1 Qc7 35. Qe3 Qd6 36. Qg3+ Kf8 37. Qh3 Kg7 38. Qg3+ Kf8 39. Qh3 Kg7 1/2-1/2

[Event "Stuttgart-chA int"]
[Site "Ditzingen"]
[Date "2008.05.04"]
[Round "7"]
[White "Braun, Georg"]
[Black "Bogenschuetze, Paul Jr"]
[Result "1-0"]
[WhiteElo "1931"]
[BlackElo "2102"]
[PlyCount "53"]
[EventDate "2008.05.01"]
[EventType "swiss"]
[EventRounds "7"]
[EventCountry "GER"]
[SourceTitle "EXT 2018"]
[Source "ChessBase"]
[SourceDate "2017.10.13"]
[SourceVersion "1"]
[SourceVersionDate "2017.10.13"]
[SourceQuality "1"]

1. e4 c5 2. Nf3 d6 3. d4 cxd4 4. Nxd4 Nf6 5. Nc3 g6 6. Be3 Bg7 7. f3 0-0 8. Qd2 Nc6 9. Bc4 Bd7 10. 0-0-0 Rc8 11. Bb3 Ne5 12. h4 h5 13. Bg5 Rc5 14. Kb1 Nc4 15. Qe2 Ne5 16. Rdg1 a5 17. g4 a4 18. Nxa4 Bxa4 19. Bxa4 hxg4 20. f4 Nf3 21. Nxf3 gxf3 22. Qxf3 Nh5 23. Bb3 Kh7 24. f5 Qd7 25. Be3 Ra5 26. Bxf7 Rxf7 27. fxg6+ 1-0

[Event "Boeblingen op 24th"]
[Site "Boeblingen"]
[Date "2007.12.29"]
[Round "7"]
[White "Hitzler, Philipp"]
[Black "Bogenschuetze, Paul Jr"]
[Result "1-0"]
[WhiteElo "2278"]
[BlackElo "2074"]
[PlyCount "41"]
[EventDate "2007.12.26"]
[EventType "swiss"]
[EventRounds "9"]
[EventCountry "GER"]
[SourceTitle "CBM 122 Extra"]
[Source "ChessBase"]
[SourceDate "2008.03.04"]
[SourceVersion "1"]
[SourceVersionDate "2008.03.04"]
[SourceQuality "1"]

1. Nf3 Nf6 2. c4 e6 3. Nc3 d5 4. d4 Be7 5. Bg5 0-0 6. e3 Nbd7 7. Bd3 dxc4 8. Bxc4 c5 9. 0-0 cxd4 10. exd4 Nb6 11. Bd3 Bd7 12. Ne5 Rc8 13. Qe2 Bc6 14. Rad1 Nbd5 15. Bb1 Qa5 16. Rd3 Nxc3 17. bxc3 Bb5 18. c4 Bc6 19. Rh3 g6 20. d5 Ba4 21. dxe6 1-0

[Event "Stuttgart-chA int"]
[Site "Gerlingen"]
[Date "2007.05.17"]
[Round "1"]
[White "Ortmann, David"]
[Black "Bogenschuetze, Paul Jr"]
[Result "1-0"]
[WhiteElo "2306"]
[BlackElo "2039"]
[PlyCount "43"]
[EventDate "2007.05.17"]
[EventType "swiss"]
[EventRounds "7"]
[EventCountry "GER"]
[SourceTitle "EXT 2018"]
[Source "ChessBase"]
[SourceDate "2017.10.13"]
[SourceVersion "1"]
[SourceVersionDate "2017.10.13"]
[SourceQuality "1"]

1. Nf3 Nf6 2. c4 e6 3. Nc3 d5 4. d4 dxc4 5. e4 c5 6. Bxc4 cxd4 7. Nxd4 Be7 8. 0-0 0-0 9. e5 Nfd7 10. Re1 Nb6 11. Bb3 Bd7 12. Qg4 Kh8 13. Nf3 Bc6 14. Bc2 Bxf3 15. Qxf3 Nc6 16. Qe4 g6 17. Bh6 Re8 18. Rad1 Qb8 19. h4 a6 20. h5 Bf8 21. Bxf8 Rxf8 22. Qh4 1-0

[Event "Deizisau Herbst op 1st"]
[Site "Deizisau"]
[Date "2006.10.30"]
[Round "2"]
[White "Chetverik, Maxim"]
[Black "Bogenschuetze, Paul Jr"]
[Result "1-0"]
[WhiteElo "2289"]
[BlackElo "2047"]
[PlyCount "61"]
[EventDate "2006.10.29"]
[EventType "swiss"]
[EventRounds "7"]
[EventCountry "GER"]
[SourceTitle "EXT 2022"]
[Source "ChessBase"]
[SourceDate "2021.10.06"]
[SourceVersion "1"]
[SourceVersionDate "2021.10.06"]
[SourceQuality "1"]

1. d4 Nf6 2. c4 e6 3. Nf3 b6 4. g3 Ba6 5. Qa4 Bb7 6. Bg2 c5 7. 0-0 cxd4 8. Nxd4 Bxg2 9. Kxg2 Qc7 10. Nc3 a6 11. Rd1 Be7 12. f3 Qb7 13. Bg5 0-0 14. Ne4 Nxe4 15. Bxe7 Re8 16. Ba3 Nf6 17. e4 Nc6 18. Nxc6 dxc6 19. Rd6 b5 20. Qa5 Re7 21. Rad1 Rd7 22. c5 Rxd6 23. cxd6 Rb8 24. b3 Nd7 25. Qc7 b4 26. Bxb4 Qxb4 27. Qxd7 Qb5 28. Rd2 Qb4 29. Rc2 Qd4 30. Qc7 Rf8 31. Qxc6 1-0